rusina - ENERGIA WYGRYWANIA - Statystyki

Ogólne statystyki
  • Ten quiz został rozwiązany 64 razy
  • Średni wynik to 11 z 16
Statystyki odpowiedzi
ENERGIA WYGRYWANIA % Poprawnych
NA FORACH
86%
CISZA
82%
MOLLY
79%
ZEMSTA
79%
10 PAK
75%
JAKOŚ JESTEM
75%
PARANOJA
75%
TO NIE MIŁOŚĆ
75%
4 RANO
71%
GO!
71%
W PLANACH
71%
RÓB KOLACJE MOIM PYSKOM
68%
JENNY
64%
BESTFRIENDS
61%
BROKE
61%
CO JEST W TYM ZŁEGO
46%
Nie znaleziono quizów pasujących do podanych kryteriów
Rozkład punktacji
Procent ludzi z każdym wynikiem
Percentyl według liczby udzielonych odpowiedzi
Twoja historia wyników
Nie rozwiązałeś tego quizu